000
00336nam a2200145Ia 4500
008
230718s9999 xx 000 0 und d
041
_a
Eng.
082
_a
782.55
_b
SYE-S
100
_a
syed Ameer Ali
245
0
_a
Saracens word lovest &
260
_a
Pakistan
_b
united sinies
_c
1980
300
_a
1278
650
_a
Law
999
_c
26545
_d
26545